ARRUPE JESUIT UNIVERSITY

CORONAVIRUS -STOP THE SPREAD - CLEAN,DISINFECT,COVER

We wish to inform you that tomorrow we will be killed with our families : (Record no. 130743)

MARC details
000 -LEADER
fixed length control field 01354cam a2200313 a 4500
001 - CONTROL NUMBER
control field 13760986
003 - CONTROL NUMBER IDENTIFIER
control field ARRUPE
005 - DATE AND TIME OF LATEST TRANSACTION
control field 20211008112928.0
008 - FIXED-LENGTH DATA ELEMENTS--GENERAL INFORMATION
fixed length control field 041025r20041998nyub 000 0 eng
010 ## - LIBRARY OF CONGRESS CONTROL NUMBER
LC control number 2004559125
020 ## - INTERNATIONAL STANDARD BOOK NUMBER
International Standard Book Number 0312243359 (pbk.)
040 ## - CATALOGING SOURCE
Original cataloging agency DLC
Transcribing agency DLC
Modifying agency DLC
043 ## - GEOGRAPHIC AREA CODE
Geographic area code f-rw---
050 00 - LIBRARY OF CONGRESS CALL NUMBER
Classification number DT450.435
Item number .G68 2004
082 00 - DEWEY DECIMAL CLASSIFICATION NUMBER
Classification number 364.15/1/0967571
Edition number 22
300 ## - PHYSICAL DESCRIPTION
Other physical details maps ;
Dimensions 21 cm.
100 1# - MAIN ENTRY--PERSONAL NAME
Personal name Gourevitch, Philip,
Dates associated with a name 1961-
9 (RLIN) 50386
245 10 - TITLE STATEMENT
Title We wish to inform you that tomorrow we will be killed with our families :
Remainder of title stories from Rwanda /
Statement of responsibility, etc Philip Gourevitch.
260 ## - PUBLICATION, DISTRIBUTION, ETC. (IMPRINT)
Place of publication, distribution, etc New York :
Name of publisher, distributor, etc Picador/Farrar, Straus, and Giroux :
-- Distributed by Holtzbrinck Publishers,
Date of publication, distribution, etc [2004], c1998.
300 ## - PHYSICAL DESCRIPTION
Extent 355 p. :
500 ## - GENERAL NOTE
General note Originally published: New York : Farrar, Straus, and Giroux, 1998.
650 #0 - SUBJECT ADDED ENTRY--TOPICAL TERM
Topical term or geographic name as entry element Genocide
Geographic subdivision Rwanda.
9 (RLIN) 2467
651 #0 - SUBJECT ADDED ENTRY--GEOGRAPHIC NAME
Geographic name Rwanda
General subdivision Politics and government.
9 (RLIN) 9761
651 #0 - SUBJECT ADDED ENTRY--GEOGRAPHIC NAME
Geographic name Rwanda
General subdivision Ethnic relations.
856 42 - ELECTRONIC LOCATION AND ACCESS
Materials specified Contributor biographical information
Uniform Resource Identifier <a href="http://www.loc.gov/catdir/bios/hol054/2004559125.html">http://www.loc.gov/catdir/bios/hol054/2004559125.html</a>
856 42 - ELECTRONIC LOCATION AND ACCESS
Materials specified Publisher description
Uniform Resource Identifier <a href="http://www.loc.gov/catdir/description/hol054/2004559125.html">http://www.loc.gov/catdir/description/hol054/2004559125.html</a>
906 ## - LOCAL DATA ELEMENT F, LDF (RLIN)
a 7
b cbc
c origcop
d 1
e ncip
f 20
g y-gencatlg
942 ## - ADDED ENTRY ELEMENTS (KOHA)
Source of classification or shelving scheme Library of Congress Classification
Koha item type Monograph ( Printed materials)
Holdings
Withdrawn status Lost status Source of classification or shelving scheme Damaged status Not for loan Collection code Home library Current library Shelving location Date acquired Total Checkouts Full call number Barcode Date last seen Price effective from Koha item type
    Library of Congress Classification     Main Collection ARRUPE LIBRARY ARRUPE LIBRARY Main Collection 08/10/2021   DT450.435 .G68 2004 46600007684 08/10/2021 08/10/2021 Monograph ( Printed materials)

 

Arrupe Library. PO Box MP320 Mt Pleasant, Harare, Zimbabwe
263 242 745411|librarian@aju.ac.zw